Представление документа в формате RUSMARC

ПолеНазваниеЗначение
  Тип записи a
  Библиографический уровень m
001 Контрольный номер UONB/MAIN/fac61130ba9646c5ac01831b8f48bc31
005 Дата корректировки 20260409132025.1
011 Индекс ISSN __
9 Тираж 50 экз.
100 Данные общей обработки __
a Данные общей обработки 20260409b2026 m##d0rusy0189 ca
101 Язык документа 0_
a Язык текста rus
102 Страна публикации __
a Страна публикации RU
200 Заглавие и сведения об ответственности 1_
a Заглавие № 2 (1717) (март)
203 Вид содержания и тип средства __
a Вид содержания Текст
b Характеристика содержания визуальный
c Тип средства непосредственный
210 Выходные данные 1_
d Дата издания 2026
461 Уровень набора _0
1 001RU/УОНБ/EK_Kray/384602615
1 2001
a Димитровград
f учредитель Правительство Ульяновской области, Администрация г. Димитровграда Ульяновской области
v № 2 (1717) (март)
1 2101
a Ульяновск
d 2009-
1 300
a Ежемес.
1 333
a 16+
801 Источник записи _0
a Страна RU
b Организация Ульяновская ОНБ
c Дата составления 20260409
g Правила каталогизации RCR
801 Источник записи _1
a Страна RU
b Организация Ульяновская ОНБ
c Дата составления 20260409
g Правила каталогизации RCR
901 Тип документа __
t Тип документа h
w Контрольный № источника RU/УОНБ/EK_Kray/384602615
909 Создатель записи __
a Создатель записи Егорова Э. А.
b Дата создания записи 20260409